00636nam a2200157 a 450000100100000000500170001000800410002704000250006808200160009324501330010926000760024230000200031804900090033895201140034799900170046100001570320200929164126.0100217s1979 dr 001 0 spa d aDO-SdBNPbspacBNPHU axxxxbA627d00aAnteproyecto para el desarrollo y administración de tres asentamientos del programa de reforma agraria de gobierno dominicano. aSantiago de los Caballeros :bInstituto Superior de Agricultura,c1979. a68 p. ;c21 cm. aBNPD 0010718PDaPDbPDcCTd2010-02-17iLF1l0oxxxx A627dp15703-10r2020-06-25w2020-06-25yLFPDZNo se presta c15255d15255